000 00665nmc a2200265 a 4500
003 AR-BaBNM
005 20251128211515.0
008 194120s1997 ||||||||||||||000 | spa||
020 _a950-581-591-3
040 _cAR-BaBNM
100 1 _aGrau, Silvia
245 1 0 _a¡Cuántos bichos!
260 _aBuenos Aires
_bColihue
_c1997
300 _a17 p.
_bil. col.
490 0 _aRe-cortala
500 _aHojas para recortar y hojas para pegar
650 4 _aENSEÑANZA DE LA CIENCIA
650 4 _aCIENCIAS NATURALES
650 4 _aANIMALES
650 4 _aINSECTOS
650 4 _aLIBROS PARA NINOS
655 _aLITERATURA
942 _cBK
998 _cEugenia
999 _c19954
_d19954